000 00306nam a22001337a 4500
008 180309b xxu||||| |||| 00| 0 eng d
020 _a9780691004327
041 _aeng
080 _a316
100 _a50
101 _aSOC
245 _aIs multiculturalism bad for women?
_cAl-Hibri,A.Y
942 _2udc
_cBK
999 _c44594
_d44594